| 000 | 00960nam a2200193 a 4500 | ||
|---|---|---|---|
| 001 | 50471 | ||
| 005 | 20180714035541.0 | ||
| 008 | 140415s2000 sp 000 0 spa d | ||
| 020 | _a8471148692 | ||
| 041 | _aspa | ||
| 082 |
_a551.6 _bFUE |
||
| 100 | 1 | _aFUENTES YAGÜE, J. L. | |
| 245 | 1 | 0 | _aINICIACION A LA METEOROLOGIA Y LA CLIMATOLOGIA |
| 250 | _a1a ed. | ||
| 260 |
_aESPAÑA : _bEDICIONES MUNDI-PRENSA, _c2000 |
||
| 300 |
_a262 _c14 x 1 x 21.5 |
||
| 520 | _aEL TIEMPO QUE HA SIDO SIEMPRE UN CLASICO MOTIVO DE CONSERVACION EN TODOS LOS AMBIENTES CULTURALES. EN LAS DOS ULTIMAS DECADAS SE HA EXTENDIDO LA IDEA DE UN CAMBIO CLIMATICO GLOBAL, LO QUE CONVIERTE AL CLIMA EN UN TEMA DE INTERES GENERAL. EL CAPITULO 1 TRATA DEL SISTEMA CLIMATICO, SUS COMPONENTES Y SU FUNCIONAMIENTO GENERAL. DEL CAPITULO 2 AL 6 SE ABORDAN LOS PROCESOS QUE GOBIERNAN EL FUNCIONAMIENTO DEL SISTEMA. | ||
| 650 | 1 | 4 |
_aCLIMATOLOGIA _xESTADO ATMOSFERICO _xMETEREOLOGIA |
| 999 |
_c50471 _d50471 |
||